000 00688nam a2200241 i 4500
001 C2-0313660
003 PPAK
005 20180728105407.0
008 111121s2010 my |||| ||||| | may d
020 _a9789675564093
040 _aPPAK
_beng
_cPPAK
_erda
082 0 4 _a297.273
_223
090 0 0 _a297.273
_bSAA
_dG
100 0 _aSaat Sulaiman,
_eauthor
245 1 0 _aUsahawan :
_bkaya wang kaya iman
264 1 _aBatu Caves, Selangor :
_bPTS Millennia ,
_c2010
300 _axxii, 261 pages ;
_c23 cm
336 _2rdacontent
_atext
337 _2rdamedia
_aunmediated
338 _2rdacarrier
_avolume
650 1 0 _aEntrepreneuship - Religious aspects - Islam
942 _ddc
_cB
999 _c115345
_d115345